000 00298nam a22001337a 4500
008 181009b xxu||||| |||| 00| 0 eng d
020 _a0442298935
041 _aeng
080 _a701
100 _a45
101 _aART
245 _aPhotography for the joy of it
_cPatterson, F
942 _2udc
_cBK
999 _c49160
_d49160